000 00835cab a2200241 4500
001 ABS58672
008 090401t1998 xxu||||| |||| 00| 0 eng d
035 _a(Sirsi) u86432
041 _aeng
100 _aBeardwood, P.
245 _aBest disposed of
260 _c1998
350 _a0
490 _aEstates Gazette
_v(9819) 9 May 1998, 156-158(3)
520 _aHighlights through examples how the lack of control over the Deleterious Materials Schedule has led to inaccurate and costly condemnation of building practice. Suggests tighter control by a specific authority.
650 _aBUILDING CONTROL
_96222
650 _aBUILT ENVIRONMENT-BUILDING MATERIALS
650 _aDELETERIOUS MATERIALS
650 _aHAZARDOUS MATERIALS
690 _aBUILT ENVIRONMENT-BUILDING MATERIALS
942 _n0
948 _c28/05/1998
999 _c54398
_d54398